Andrea Palladio
Saved in:
| Hovedforfatter: | |
|---|---|
| Format: | Bog |
| Sprog: | spansk italiensk portugisisk engelsk |
| Udgivet: |
Udine
Magnus Edizione
2011
|
| Udgivelse: | 1a. ed |
| Fag: | |
| Tags: |
Tilføj Tag
Ingen Tags, Vær først til at tagge denne postø!
|
MARC
| LEADER | 00000cam a2200000 a 4500 | ||
|---|---|---|---|
| 001 | UCE0425 | ||
| 003 | CL-VaPUC | ||
| 005 | 20240417120457.0 | ||
| 008 | 140116e20110000it |||||||||||||||||spa|d | ||
| 999 | |c 354564 |d 354562 | ||
| 020 | |a 9788870572476 | ||
| 040 | |c Pontificia Universidad Católica de Valparaíso | ||
| 041 | 0 | 7 | |a spa |2 CL-VaPUC |
| 041 | 0 | 7 | |a ita |2 CL-VaPUC |
| 041 | 0 | 7 | |a por |2 CL-VaPUC |
| 041 | 0 | 7 | |a eng |2 CL-VaPUC |
| 082 | 0 | 4 | |a 724.1 |b ULM |2 21 |
| 100 | 0 | |a Ulmer, Christoph |e author |9 572790 | |
| 245 | 1 | 0 | |a Andrea Palladio |
| 250 | |a 1a. ed | ||
| 260 | |a Udine |b Magnus Edizione |c 2011 | ||
| 300 | |a 443 p | ||
| 583 | |a last modification |c 20140116 11:53:00 |k Rodrigo Vera | ||
| 600 | |a Palladio, Andrea |d 1508-1580 |9 491093 | ||
| 650 | 0 | |a Arquitectura renacentista |9 265337 | |
| 650 | 0 | |a Renacimiento |9 255107 | |
| 650 | 0 | |a Arquitectura italiana |9 345013 | |
| 942 | |c BK |2 ddc | ||
| 945 | |d 20140116 11:53:00 |a dcastane | ||
| 952 | |0 0 |1 0 |2 ddc |3 erd |4 0 |6 724_100000000000000_ULM_2011 |7 0 |8 X |9 460516 |a BIBART |b BIBART |i 503891K |o 724.1 ULM 2011 |p 503891K |r 2025-03-13 |w 2019-11-23 |y BK_X |z Catalogado en:20140116 |k ART | ||